| 000 | 00935nam a2200253Ia 4500 | ||
|---|---|---|---|
| 003 | OSt | ||
| 005 | 20221005104647.0 | ||
| 006 | a|||||r|||| 00| 0 | ||
| 007 | ta | ||
| 008 | 221004b |||||||| |||| 00| 0 mar d | ||
| 020 |
_a8186503129 (hbk) _c200 |
||
| 024 | _a105625 | ||
| 037 |
_b12952, 18/03/2011, Kitab Ghar _cTextual |
||
| 040 |
_aCRL _cCRL _bmar |
||
| 041 |
_2mar _amar |
||
| 082 | _aO155,3x, 152P4 | ||
| 100 | _aअनेजा, हरिवंश, संपा. | ||
| 245 | 0 | _aमराठी की प्रतिनिधि कहानियॉं | |
| 246 | _aMarāṭhī kī pratinidhi kahāniyaॉan | ||
| 260 |
_aदिल्ली _bविद्या पुस्तक सदन भारत _c2004 |
||
| 300 |
_a144पृ0 _ccm. |
||
| 942 |
_hO155,3x, 152P4 _cTEXL _2cc |
||
| 999 |
_c1013418 _d1013418 |
||